Jamyantlyaan (Record no. 233819)
[ view plain ]
| 000 -LEADER | |
|---|---|
| fixed length control field | 00752nam a22002177a 4500 |
| 005 - DATE AND TIME OF LATEST TRANSACTION | |
| control field | 20250217165326.0 |
| 008 - FIXED-LENGTH DATA ELEMENTS--GENERAL INFORMATION | |
| fixed length control field | 250217b ||||| |||| 00| 0 eng d |
| 020 ## - INTERNATIONAL STANDARD BOOK NUMBER | |
| International Standard Book Number | 9788195680740 |
| 040 ## - CATALOGING SOURCE | |
| Transcribing agency | AL |
| 041 ## - LANGUAGE CODE | |
| Language code of text/sound track or separate title | Konkani |
| 082 ## - DEWEY DECIMAL CLASSIFICATION NUMBER | |
| Edition number | 23 |
| Classification number | 891.468 |
| Item number | QUAJ |
| 100 ## - MAIN ENTRY--PERSONAL NAME | |
| Personal name | Stephen Quadros |
| 100 ## - MAIN ENTRY--PERSONAL NAME | |
| 9 (RLIN) | 200437 |
| 100 ## - MAIN ENTRY--PERSONAL NAME | |
| Dates associated with a name | ಸ್ಟೀವನ್ ಕ್ವಾಡ್ರಸ್ |
| 9 (RLIN) | 200438 |
| 245 ## - TITLE STATEMENT | |
| Title | Jamyantlyaan |
| Remainder of title | ಜಮ್ಯಾಂತ್ಲ್ಯಾನ್ |
| 260 ## - PUBLICATION, DISTRIBUTION, ETC. | |
| Place of publication, distribution, etc. | Mangaluru |
| Name of publisher, distributor, etc. | St Aloysius Prakashana |
| Date of publication, distribution, etc. | 2023 |
| 300 ## - PHYSICAL DESCRIPTION | |
| Extent | 176 p. |
| Other physical details | PB |
| Dimensions | 21x14 cm. |
| 365 ## - TRADE PRICE | |
| Price amount | ₹200.00 |
| Currency code | ₹ |
| Unit of pricing | ₹200.00 |
| 650 ## - SUBJECT ADDED ENTRY--TOPICAL TERM | |
| Topical term or geographic name entry element | Collection of konkani aricles by Stephen Quadros Permude |
| 9 (RLIN) | 200439 |
| 650 ## - SUBJECT ADDED ENTRY--TOPICAL TERM | |
| Topical term or geographic name entry element | ಸ್ಟೀವನ್ ಕ್ವಾಡ್ರಸ್ |
| 9 (RLIN) | 200440 |
| 942 ## - ADDED ENTRY ELEMENTS (KOHA) | |
| Source of classification or shelving scheme | Dewey Decimal Classification |
| Koha item type | Book |
| Withdrawn status | Lost status | Source of classification or shelving scheme | Damaged status | Not for loan | Collection code | Home library | Current library | Date acquired | Cost, normal purchase price | Total Checkouts | Full call number | Barcode | Date last seen | Cost, replacement price | Price effective from | Koha item type | Public note |
|---|---|---|---|---|---|---|---|---|---|---|---|---|---|---|---|---|---|
| Dewey Decimal Classification | Konkani | St Aloysius Library | St Aloysius Library | 02/15/2025 | 200.00 | 891.468 QUAJ | D06253 | 02/17/2025 | 200.00 | 02/17/2025 | Book | Donated by St Aloysius Prakashana | |||||
| Dewey Decimal Classification | Konkani | St Aloysius Library | St Aloysius Library | 02/15/2025 | 200.00 | 891.468 QUAJ | D06254 | 02/17/2025 | 200.00 | 02/17/2025 | Book | Donated by St Aloysius Prakashana | |||||
| Dewey Decimal Classification | Konkani | St Aloysius Library | St Aloysius Library | 02/15/2025 | 200.00 | 891.468 QUAJ | D06255 | 02/17/2025 | 200.00 | 02/17/2025 | Book | Donated by St Aloysius Prakashana | |||||
| Dewey Decimal Classification | Konkani | St Aloysius Library | St Aloysius Library | 02/15/2025 | 200.00 | 891.468 QUAJ | D06256 | 02/17/2025 | 200.00 | 02/17/2025 | Book | Donated by St Aloysius Prakashana | |||||
| Dewey Decimal Classification | Konkani | St Aloysius Library | St Aloysius Library | 02/15/2025 | 200.00 | 891.468 QUAJ | D06257 | 02/17/2025 | 200.00 | 02/17/2025 | Book | Donated by St Aloysius Prakashana |